000 00707nam a2200289Ia 4500
005 20260324121832.0
008 008 260324s9999 xx 000 0 eng d
020 _a9781315589879
037 _aEBOOK
040 _aCRL
040 _beng
040 _cCRL
041 _2eng
041 _aeng
084 _qCRL
100 _aSarah D.P. Cockram
_91164060
245 0 _aIsabella d'Este and Francesco Gonzaga
245 0 _bPower Sharing at the Italian Renaissance Court
260 _bTaylor and Francis
260 _c2013
365 _a
365 _b240
856 _uhttp://www.taylorfrancis.com/books/9781315589879
942 _cEBOOK
999 _c1756401
_d1756401